Häufigste Schreibfehler mit F (Multiple Choice) - Statistiken

Allgemein
  • Dieses Quiz wurde 71 mal gespielt
  • Das Durchschnittsergebnis liegt bei 4 aus 6
Antwortstatistiken
Frage Antwort % Korrekt
Welche Schreibweise ist richtig? Fabrikant
100%
Welche Schreibweise ist richtig? Fitness
100%
Welche Schreibweise ist richtig? Vlies
72%
Welche Schreibweise ist richtig? fürs
49%
Welche Schreibweise ist richtig? Flachbettscanner
43%
Welche Schreibweise ist richtig? frönen
28%
Keine übereinstimmenden Quizze gefunden
Verteilung der Resultate
Anzahl Personen mit jedem Resultat
Perzentil nach korrekt beantworteten Fragen
Ihre Resultats-Entwicklung
Sie haben dieses Quiz noch nicht gespielt